Demeter 2010 spojený s oslavou 15 rokov činnosti Zväzu chovateľov oviec a kôz na Slovensku

Bibliographic Details
Main Author: Huba, Ján (Author)
Format: Article
Language:Slovak
PhysicalDescription:Fotogr., tab.
ISSN:1335-1990
Subjects:

MARC

LEADER 00000nab a2200000 a 4500
001 vtls010202586
003 SK-MaSNL
005 20260305032522.0
008 250507c2010 xo ||||||||||||00 b|slo
015 |a SNBRB2011/01  |2 snkbucl 
035 |a urn:nbn:sk:snk-ab8881 
035 |a (urnnbn)urn:nbn:sk:snk:ar-006q4e 
035 |a (uuid)4f9de0de-cc77-4bd7-9584-0cac8617b029 
038 |a SNKBUCL 
040 |a SNKBUCL  |b slo  |c SNKBUCL  |e AACR2 
041 0 |a slo 
044 |a xo  |c SK 
080 |a 636.32/.38:06.06  |x (437.6)  |2 1997 
100 1 |a Huba, Ján  |4 aut  |9 12201 
245 1 0 |a Demeter 2010 spojený s oslavou 15 rokov činnosti Zväzu chovateľov oviec a kôz na Slovensku  |c Ján Huba 
300 |b Fotogr., tab. 
610 2 7 |a Zväz chovateľov oviec a kôz na Slovensku  |2 snkbucl  |9 274198 
611 2 7 |a Demeter (podujatie)  |d (2010 :  |c Liptovský Hrádok, Slovensko)  |2 snkbucl  |9 1611911 
650 0 7 |a ovčiarstvo  |2 snkbucl  |9 17572 
651 7 |a Liptovský Hrádok (Slovensko)  |2 snkbucl  |9 30565 
651 7 |a Liptovský Mikuláš (Slovensko : okres)  |2 snkbucl  |9 31431 
773 0 |t Slovenský chov  |g Roč. XV, č. 12 (2010), s. 10  |x 1335-1990 
850 |a Slovenská národná knižnica 
852 |a Slovenská národná knižnica 
954 |a odborná, vedecká literatúra pôvodná (slovenská)  |2 lita 
958 |a article9 
958 |a OND 
958 |a SK 
958 |a EUIPO 
999 |c 3320439  |d 3322369